[Event "SR 3. liga A2 2004/2005"]
[Site "?"]
[Date "2005.??.??"]
[Round "?"]
[White "Jurica, Peter"]
[Black "Godula, Martin"]
[Result "0-1"]
[WhiteElo "2150"]
[BlackElo "2130"]
[Annotator "Vrbove - Piestany B"]
[PlyCount "104"]
[EventDate "2004.??.??"]

1. Nf3 g6 2. d4 Nf6 3. g3 Bg7 4. Bg2 c6 5. O-O O-O 6. Nbd2 d5 7. Ne5 Ng4 8.
Nxg4 Bxg4 9. c3 Qc8 10. Re1 Na6 11. Qb3 Be6 12. Nf3 f6 13. Qa3 Re8 14. e4 dxe4
15. Rxe4 Qd7 16. Rh4 Bd5 17. c4 Bxc4 18. Bh6 Bxh6 19. Rxh6 Bd5 20. Qe3 e6 21.
a3 Qg7 22. h4 Nc7 23. g4 Bxf3 24. Bxf3 Nd5 25. Qd2 Rad8 26. g5 e5 27. Re1 f5
28. dxe5 Rxe5 29. Rc1 Qe7 30. Rd1 Rd7 31. b4 Nb6 32. Qa2+ Qe6 33. Qxe6+ Rxe6
34. Rc1 Rd3 35. Kg2 Nd5 36. Rh1 Nf4+ 37. Kg3 Ne2+ 38. Kg2 Nd4 39. Bd1 f4 40. h5
Re5 41. hxg6 Rxg5+ 42. Kh2 hxg6 43. Rh3 f3 44. Rh4 Nf5 45. Bc2 Rd2 46. Bxf5
Rxf2+ 47. Kh3 Rxf5 48. Rd1 Ra2 49. Rd8+ Kg7 50. Rd7+ Kf6 51. Re4 Rxa3 52. Rd6+
Kg7 0-1

[Event "SR 3. liga A2 2004/2005"]
[Site "?"]
[Date "2005.??.??"]
[Round "?"]
[White "Manak, Jozef"]
[Black "Blazek, Milos"]
[Result "1-0"]
[WhiteElo "2075"]
[BlackElo "2125"]
[Annotator "Vrbove - Piestany B"]
[PlyCount "77"]
[EventDate "2004.??.??"]

1. e4 e5 2. Nf3 Nc6 3. Bb5 a6 4. Ba4 Nf6 5. O-O Be7 6. d4 exd4 7. e5 Ne4 8. Re1
Nc5 9. Bxc6 dxc6 10. Nxd4 O-O 11. Nc3 Re8 12. Be3 Ne6 13. f4 Nxd4 14. Qxd4 Bf5
15. Re2 c5 16. Qd5 $11 c6 17. Qf3 Qc7 18. g4 Be6 19. h3 Rad8 20. Rae1 b5 21. a3
Bh4 22. Bf2 Bxf2+ 23. Qxf2 Bc4 24. Re3 Rd4 25. Ne4 Qe7 26. Nd6 Rd8 27. Nf5 Qc7
28. Nxd4 cxd4 29. Rg3 c5 30. Qd2 Bd5 31. Kh2 Bb7 32. f5 Qc6 33. Qg5 f6 34. exf6
Qxf6 35. Qxf6 gxf6 36. Rd3 c4 37. Rd2 d3 38. cxd3 cxd3 39. Re3 1-0

[Event "SR 3. liga A2 2004/2005"]
[Site "?"]
[Date "2005.??.??"]
[Round "?"]
[White "Blatnicky, Miroslav"]
[Black "Stepanovic, Branislav"]
[Result "1-0"]
[WhiteElo "2010"]
[BlackElo "2055"]
[Annotator "Vrbove - Piestany B"]
[PlyCount "147"]
[EventDate "2004.??.??"]

1. e4 c5 2. Nf3 Nc6 3. d4 cxd4 4. Nxd4 Nf6 5. Nc3 e5 6. Nf5 d5 7. Bg5 d4 8.
Bxf6 gxf6 9. Nb1 Bxf5 10. exf5 Qa5+ 11. Nd2 Bh6 12. f3 Ne7 13. g4 Nd5 14. Bd3
Bg5 15. h4 Bf4 16. Ke2 Ne3 17. Nc4 Nxc4 18. Bxc4 Qc7 19. Qd3 O-O-O 20. a4 h5
21. gxh5 Be3 22. Qb3 e4 23. fxe4 Qg3 24. Qb4 Qf2+ 25. Kd3 Bd2 26. Be6+ fxe6 27.
Qxd2 Qf3+ 28. Kc4 Qxe4 29. fxe6 Qxe6+ 30. Kb4 Qd6+ 31. Kb3 Rxh5 32. Ka2 Qd5+
33. b3 Rg8 34. Rae1 Rg2 35. Re2 Rxe2 36. Qxe2 Re5 37. Qh2 d3 38. Qh3+ Kc7 39.
Rd1 d2 40. Qc3+ Qc5 41. Qxc5+ Rxc5 42. Rxd2 Rh5 43. Rd4 Rf5 44. Ka3 Rf2 45. c3
f5 46. Kb4 f4 47. h5 Rh2 48. Rxf4 Rxh5 49. Rf7+ Kc6 50. Rf6+ Kc7 51. a5 Rh7 52.
a6 bxa6 53. Rxa6 Kb7 54. Rg6 Rh4+ 55. c4 Rh7 56. c5 Kc7 57. Kb5 Kb7 58. b4 Rf7
59. Rd6 Rg7 60. c6+ Kc7 61. Rh6 Rg5+ 62. Ka6 Rg2 63. Rh7+ Kxc6 64. b5+ Kc5 65.
Rh5+ Kd6 66. Kxa7 Ra2+ 67. Kb7 Rb2 68. b6 Ra2 69. Rh6+ Kd7 70. Rh7+ Kd6 71. Rc7
Ra3 72. Kb8 Rf3 73. b7 Ra3 74. Kc8 1-0

[Event "SR 3. liga A2 2004/2005"]
[Site "?"]
[Date "2005.??.??"]
[Round "?"]
[White "Pobjecky, Ivan"]
[Black "Krchnak, Rudolf"]
[Result "1-0"]
[WhiteElo "2010"]
[BlackElo "1790"]
[Annotator "Vrbove - Piestany B"]
[PlyCount "67"]
[EventDate "2004.??.??"]

1. e4 c5 2. Nf3 d6 3. d4 cxd4 4. Nxd4 Nf6 5. Nc3 a6 6. Bg5 e6 7. Qd2 Be7 8.
O-O-O O-O 9. f3 b5 10. g4 Bb7 11. h4 Nbd7 12. Bh3 Rc8 13. Bxf6 Bxf6 14. g5 Bxd4
15. Qxd4 Ne5 16. f4 Rc4 17. Qa7 Qc8 18. fxe5 dxe5 19. Nd5 Rxc2+ 20. Kb1 Bxd5
21. exd5 Qc4 22. Qe3 Rc8 23. dxe6 fxe6 24. Rc1 Rxc1+ 25. Rxc1 Qxc1+ 26. Qxc1
Rxc1+ 27. Kxc1 Kf7 28. Kd2 Kg6 29. Bg4 h6 30. gxh6 gxh6 31. b4 Kf6 32. Ke3 Ke7
33. Bf3 Kd6 34. Bb7 1-0

[Event "SR 3. liga A2 2004/2005"]
[Site "?"]
[Date "2005.??.??"]
[Round "?"]
[White "Feranec, Milan"]
[Black "Mihalik, Anton"]
[Result "0-1"]
[WhiteElo "1965"]
[BlackElo "2030"]
[Annotator "Vrbove - Piestany B"]
[PlyCount "134"]
[EventDate "2004.??.??"]

1. Nf3 Nf6 2. c4 c5 3. g3 e6 4. Bg2 Nc6 5. e3 Be7 6. Nc3 O-O 7. O-O d5 8. d3 b6
9. b3 Bb7 10. Bb2 Rc8 11. Nb5 a6 12. Na3 Qc7 13. Nc2 Rfd8 14. Qe2 Ne8 15. Rac1
Bf6 16. d4 dxc4 17. Qxc4 Nd6 18. Qe2 Ne8 19. Rfd1 Qb8 20. Bh3 Qa8 21. Nce1 cxd4
22. Bf1 dxe3 23. fxe3 Bxb2 24. Qxb2 Nf6 25. Rxd8+ Rxd8 26. a3 h6 27. Bd3 Rd7
28. Bb1 Qd8 29. Qc2 Ne7 30. Qe2 b5 31. Nd4 Qb6 32. b4 Ned5 33. Rc5 Rc7 34. Nd3
Nd7 35. Rxc7 Qxc7 36. Bc2 Ne5 37. Nc5 Nc4 38. Qd3 Nf6 39. e4 Ne5 40. Qe3 Bc8
41. h3 Nc4 42. Qd3 Ne5 43. Qe3 Qd6 44. Kg2 Nfd7 45. Ndb3 Nc4 46. Qc1 Nxc5 47.
Nxc5 Qd4 48. Bd3 Kf8 49. g4 g5 50. a4 Qb2+ 51. Qxb2 Nxb2 52. axb5 Nxd3 53. Nxd3
axb5 54. Nc5 Ke7 55. Kf3 Kd6 56. Ke3 f5 57. Nd3 fxg4 58. e5+ Kd5 59. hxg4 Bd7
60. Nf2 Kxe5 61. Nd3+ Kd5 62. Nc5 Bc8 63. Ne4 e5 64. Nf6+ Kc4 65. Ke4 Kxb4 66.
Kxe5 Ka3 67. Ng8 Bxg4 0-1

[Event "SR 3. liga A2 2004/2005"]
[Site "?"]
[Date "2005.??.??"]
[Round "?"]
[White "Gono, Pavol"]
[Black "Smrek, Peter"]
[Result "0-1"]
[WhiteElo "1940"]
[BlackElo "1700"]
[Annotator "Vrbove - Piestany B"]
[PlyCount "96"]
[EventDate "2004.??.??"]

1. e4 e5 2. Bc4 Bc5 3. Nf3 Nc6 4. c3 Nf6 5. d4 exd4 6. cxd4 Bb4+ 7. Bd2 Bxd2+
8. Nbxd2 d5 9. exd5 Nxd5 10. Qb3 Na5 11. Qa4+ c6 12. Bxd5 Qxd5 13. O-O O-O 14.
Rac1 Qb5 15. Qxb5 cxb5 16. Ne4 Rd8 17. Rfd1 Be6 18. b3 Bd5 19. Nc3 Nc6 20. Nxd5
Rxd5 21. Rc5 Rad8 22. Rxd5 Rxd5 23. Kf1 a5 24. Ke2 a4 25. Ke3 f5 26. g3 a3 27.
Ng5 h6 28. Ne6 Nb4 29. Rd2 Rd7 30. Nc5 Nd5+ 31. Kd3 Re7 32. Kc2 b6 33. Nd3 Rc7+
34. Kd1 Nc3+ 35. Ke1 Ne4 36. Re2 Rd7 37. f3 Nf6 38. Re8+ Nxe8 39. Ke2 Rxd4 40.
Ne5 Rd5 41. Nc6 Rc5 42. Nd4 b4 43. Kd3 Rc3+ 44. Kd2 Nd6 45. f4 Ne4+ 46. Ke2 g6
47. Ke1 Rc1+ 48. Ke2 Ra1 0-1

[Event "SR 3. liga A2 2004/2005"]
[Site "?"]
[Date "2005.??.??"]
[Round "?"]
[White "Mikudik, Ivan"]
[Black "Furjel, Andrej"]
[Result "1/2-1/2"]
[WhiteElo "1650"]
[BlackElo "2005"]
[Annotator "Vrbove - Piestany B"]
[PlyCount "133"]
[EventDate "2004.??.??"]

1. d4 Nf6 2. c4 g6 3. Nc3 Bg7 4. g3 O-O 5. Bg2 c6 6. e4 d6 7. Nge2 Nbd7 8. O-O
e5 9. b3 exd4 10. Nxd4 Re8 11. Bb2 Nc5 12. Qc2 Qb6 13. Rad1 Bg4 14. Nde2 Rad8
15. h3 Bxe2 16. Qxe2 a5 17. Qc2 Qb4 18. Ba1 a4 19. Rb1 axb3 20. axb3 Ra8 21.
Na2 Qa3 22. Nc3 h5 23. b4 Ne6 24. Rfd1 Red8 25. Ne2 h4 26. g4 Nh7 27. Bxg7 Kxg7
28. Rd3 Qa2 29. Rb2 Qa1+ 30. Rd1 Qa4 31. Qc3+ Kg8 32. Rbb1 Qa3 33. Rb3 Qa2 34.
Rb2 Qa3 35. Rb3 Qa7 36. Rf1 Qb6 37. Kh1 Ra2 38. Rb2 Rda8 39. f4 R8a3 40. Qc2
Rxb2 41. Qxb2 Ra4 42. Rb1 c5 43. b5 Rxc4 44. Qa2 Rb4 45. Rxb4 cxb4 46. f5 Nef8
47. Nf4 Qe3 48. Nd5 Qe1+ 49. Kh2 Qg3+ 50. Kh1 b3 51. Qb2 Qe5 52. Qxb3 Nf6 53.
Nxf6+ Qxf6 54. Qd5 Qa1+ 55. Kh2 Qe5+ 56. Qxe5 dxe5 57. Kg1 g5 58. Kf2 Kg7 59.
Ke3 Kf6 60. Kd3 Ke7 61. Kc4 Kd6 62. Bf1 Nd7 63. Be2 Nc5 64. Bf3 Na4 65. Kb3
Nc5+ 66. Kc4 b6 67. Bg2 1/2-1/2

[Event "SR 3. liga A2 2004/2005"]
[Site "?"]
[Date "2005.??.??"]
[Round "?"]
[White "Vach, Pavol"]
[Black "Szekely, Stefan"]
[Result "1-0"]
[WhiteElo "2125"]
[BlackElo "2060"]
[Annotator "Senica B - Orech. Potoo"]
[PlyCount "101"]
[EventDate "2004.??.??"]

1. d4 d6 2. e4 Nf6 3. Nc3 g6 4. Nf3 Bg7 5. Be2 c6 6. O-O O-O 7. Bf4 Nh5 8. Bg5
h6 9. Be3 Nf6 10. h3 Qc7 11. Qd2 Kh7 12. Bf4 Qb6 13. Na4 Qd8 14. Bd3 b5 15. Nc3
Be6 16. b3 Nbd7 $11 17. g4 Nxg4 18. hxg4 Bxg4 19. Be2 b4 20. Na4 Nf6 21. Qe3
Qa5 $11 22. Kg2 Nh5 23. Rad1 f5 24. e5 Qd5 25. c4 Qe4 26. Bh2 g5 27. Qxe4 fxe4
28. Nxg5+ hxg5 29. Bxg4 Nf4+ 30. Bxf4 gxf4 31. Rfe1 f3+ 32. Kg3 d5 33. Rh1+ Bh6
34. Nc5 Rg8 35. Ne6 Rg6 36. Nf4 Rg5 37. Rxh6+ Kxh6 38. Rh1+ Kg7 39. Ne6+ Kg6
40. Nxg5 Kxg5 41. cxd5 cxd5 42. Rc1 Rf8 43. Rc7 Rf4 44. Bh3 Rf7 45. Rd7 e3 46.
fxe3 f2 47. Bf1 Kf5 48. e6 Kxe6 49. Bh3+ Kf6 50. Kxf2 Rh7 51. Bg2 1-0

[Event "SR 3. liga A2 2004/2005"]
[Site "?"]
[Date "2005.??.??"]
[Round "?"]
[White "Mojica, Martina"]
[Black "Palka, Miroslav"]
[Result "1/2-1/2"]
[WhiteElo "2110"]
[BlackElo "2060"]
[Annotator "Senica B - Orech. Potoo"]
[PlyCount "62"]
[EventDate "2004.??.??"]

1. e4 c5 2. c3 d5 3. exd5 Qxd5 4. d4 e5 5. dxe5 Qxe5+ 6. Qe2 Qxe2+ 7. Bxe2 Nf6
8. Nf3 Be7 9. O-O O-O 10. Na3 Nc6 11. Nc4 Be6 12. Nce5 Nxe5 13. Nxe5 Rfd8 14.
Bf3 Bd5 15. Re1 Bxf3 16. Nxf3 Kf8 17. Kf1 Rd5 18. c4 Rd3 19. Ne5 Rd4 20. b3
Rad8 21. Nf3 Re4 22. Bb2 Rxe1+ 23. Rxe1 Ne8 24. Re2 Rd1+ 25. Re1 Rxe1+ 26. Kxe1
Bf6 27. Be5 Bxe5 28. Nxe5 Ke7 29. Ke2 f6 30. Nd3 Kd6 31. Ke3 Nc7 1/2-1/2

[Event "SR 3. liga A2 2004/2005"]
[Site "?"]
[Date "2005.??.??"]
[Round "?"]
[White "Skapikova, Lubica"]
[Black "Both, Lajos"]
[Result "1-0"]
[WhiteElo "2000"]
[BlackElo "1995"]
[Annotator "Senica B - Orech. Potoo"]
[PlyCount "79"]
[EventDate "2004.??.??"]

1. e4 c5 2. Nf3 d6 3. d4 cxd4 4. Nxd4 Nf6 5. Nc3 g6 6. Be3 Bg7 7. f3 O-O 8. Qd2
Nc6 9. O-O-O a6 10. g4 Bd7 11. h4 Rc8 12. h5 Nxd4 13. Bxd4 b5 14. hxg6 fxg6 15.
Nd5 Rf7 16. Nb6 Rc7 17. g5 Nh5 18. Bxg7 Nxg7 19. Qh2 Nh5 20. Nxd7 Qxd7 21. Bh3
Qe8 22. Be6 Kg7 23. Bxf7 Qxf7 24. Rd3 b4 25. e5 d5 26. Kb1 e6 27. Qh4 Rc4 28.
Qf2 Qb7 29. Rh4 Rc7 30. Qd2 a5 31. f4 Rf7 32. a3 bxa3 33. Rxa3 Qb6 34. Qxa5
Qg1+ 35. Ka2 Qf2 36. Rhh3 Nxf4 37. Rhf3 Qxc2 38. Ra4 Rb7 39. Rb4 Rxb4 40. Qxb4
{cierny cas} 1-0

[Event "SR 3. liga A2 2004/2005"]
[Site "?"]
[Date "2005.??.??"]
[Round "?"]
[White "Varga, Alexander"]
[Black "Fidericky, Milan"]
[Result "1/2-1/2"]
[WhiteElo "1850"]
[BlackElo "1940"]
[Annotator "Senica B - Orech. Potoo"]
[PlyCount "101"]
[EventDate "2004.??.??"]

1. d4 f5 2. Nf3 Nf6 3. e3 e6 4. c4 Bb4+ 5. Nc3 O-O 6. Bd2 b6 7. a3 Bxc3 8. Bxc3
Bb7 9. b3 d6 10. g3 Ne4 11. Bb2 Nd7 12. Bg2 Ndf6 13. O-O Ng4 14. h3 Nh6 15. Qc2
Rb8 16. Nd2 Nxd2 17. Qxd2 Bxg2 18. Kxg2 Qg5 19. f4 Qe7 20. Rae1 d5 21. Qc3 Qd7
22. Rc1 Rbc8 23. c5 Kh8 24. a4 a5 25. Ba3 Rfe8 26. Rc2 b5 27. c6 Qf7 28. axb5
Ra8 29. Bc5 Ng8 30. Ra1 Nf6 31. Rca2 Ne4 32. Qe1 g5 33. fxg5 Nxg5 34. h4 Ne4
35. Rxa5 Rxa5 36. Rxa5 Rg8 37. Ra7 Qh5 38. Kh2 Nxg3 39. Qxg3 Qe2+ 40. Kh3 Rxg3+
41. Kxg3 Qxe3+ 42. Kg2 f4 43. Ra2 Qxb3 44. Ra8+ Kg7 45. b6 Qg3+ 46. Kf1 f3 47.
Ra2 Qh3+ 48. Kg1 Qg3+ 49. Kf1 cxb6 50. Bxb6 Qh3+ 51. Kg1 1/2-1/2

[Event "SR 3. liga A2 2004/2005"]
[Site "?"]
[Date "2005.??.??"]
[Round "?"]
[White "Liska, Frantisek"]
[Black "Zisek, Jaroslav"]
[Result "1/2-1/2"]
[WhiteElo "1995"]
[BlackElo "1770"]
[Annotator "Senica B - Orech. Potoo"]
[PlyCount "44"]
[EventDate "2004.??.??"]

1. Nf3 c5 2. g3 Nc6 3. c4 e5 4. d3 g6 5. Bg2 Bg7 6. e4 Nge7 7. O-O d6 8. Nc3
O-O 9. Ne1 f5 10. Bg5 h6 11. Bxe7 Qxe7 12. Nd5 Qd8 13. Nc2 f4 14. g4 Be6 15. f3
Rf7 16. Qe1 Qd7 17. a3 Raf8 18. h3 Qd8 19. b4 Qg5 20. b5 Nd4 21. Nxd4 exd4 22.
Qf2 Qd8 1/2-1/2

[Event "SR 3. liga A2 2004/2005"]
[Site "?"]
[Date "2005.??.??"]
[Round "?"]
[White "Havlicek, Peter"]
[Black "Szitasi, Janos"]
[Result "1-0"]
[WhiteElo "1675"]
[BlackElo "2005"]
[Annotator "Senica B - Orech. Potoo"]
[PlyCount "65"]
[EventDate "2004.??.??"]

1. e4 c5 2. Nf3 d6 3. Bc4 Nc6 4. O-O g6 5. c3 Bg7 6. d4 cxd4 7. cxd4 Qb6 8. d5
Na5 9. Bb3 Nxb3 10. axb3 a6 11. Nc3 Bd7 12. Be3 Qd8 13. Bd4 Nf6 14. e5 dxe5 15.
Nxe5 O-O 16. Nc4 Nh5 17. Bxg7 Nxg7 18. Qd4 Nf5 19. Qf4 b5 20. Ne3 Qb6 21. b4
Rac8 22. Ra5 Nd4 23. Qe5 Rfe8 24. Rd1 Nf5 25. Nxf5 Bxf5 26. Rda1 e6 27. d6 Rc6
28. Rxa6 Qxa6 29. Rxa6 Rxa6 30. f3 Bd3 31. Nd5 Ra1+ 32. Kf2 Rf1+ 33. Kg3 1-0

[Event "SR 3. liga A2 2004/2005"]
[Site "?"]
[Date "2005.??.??"]
[Round "?"]
[White "Bernath, Mikulas"]
[Black "Beran, Jan"]
[Result "1/2-1/2"]
[WhiteElo "1935"]
[BlackElo "1690"]
[Annotator "Senica B - Orech. Potoo"]
[PlyCount "84"]
[EventDate "2004.??.??"]

1. d4 d5 2. Nf3 Nf6 3. Nbd2 c6 4. g3 e6 5. Bg2 Be7 6. O-O O-O 7. Re1 Nbd7 8. c3
Re8 9. Qc2 Bf8 10. e4 dxe4 11. Nxe4 Nxe4 12. Qxe4 g6 13. Bg5 f6 14. Bd2 Bg7 15.
Re2 Nf8 16. Rae1 Bd7 17. c4 Qb6 18. Bc3 Qc7 19. Qd3 Qd6 20. Qd2 Qc7 21. Bh3 b6
22. Bb4 f5 23. Ne5 Rad8 24. Bg2 Bf6 25. Bc3 Qd6 26. b3 Qc7 27. f4 c5 28. d5
exd5 29. Bxd5+ Be6 30. Nd3 Qf7 31. Ne5 Qg7 32. Rd1 Bxd5 33. cxd5 Rd6 34. Qc2
Nd7 35. Nxd7 Rxe2 36. Nxf6+ Qxf6 37. Qxe2 Qxc3 38. Qe8+ Kg7 39. Qe7+ Kh6 40.
Qxd6 Qe3+ 41. Kg2 Qe2+ 42. Kh3 Qg4+ 1/2-1/2

[Event "SR 3. liga A2 2004/2005"]
[Site "?"]
[Date "2005.??.??"]
[Round "?"]
[White "Kubis, Ivan"]
[Black "Sekera, Branislav"]
[Result "0-1"]
[WhiteElo "2060"]
[BlackElo "2120"]
[Annotator "Skalica - Modranka"]
[PlyCount "62"]
[EventDate "2004.??.??"]

1. e4 c6 2. d4 d6 3. Nf3 Qc7 4. h3 Nf6 5. Bd3 e5 6. c4 Be7 7. Nc3 Nbd7 8. O-O
Nf8 9. Be3 Ng6 10. d5 c5 11. a3 Bd7 12. b4 b6 13. b5 Qc8 14. Nh2 h5 15. Re1 h4
16. Be2 O-O 17. Bg5 Nxd5 18. Bxe7 Nxc3 19. Qxd6 Nxe2+ 20. Rxe2 Nxe7 21. Qxe7 f6
22. Rd2 Be6 23. Rc1 Re8 24. Qd6 Rd8 25. Qxd8+ Qxd8 26. Rxd8+ Rxd8 27. Nf3 g5
28. Rc3 Rd1+ 29. Kh2 Kf7 30. g4 hxg3+ 31. Kxg3 Ke7 0-1

[Event "SR 3. liga A2 2004/2005"]
[Site "?"]
[Date "2005.??.??"]
[Round "?"]
[White "Sturdik, Igor"]
[Black "Pekar, Tibor"]
[Result "1-0"]
[WhiteElo "1925"]
[BlackElo "2015"]
[Annotator "Skalica - Modranka"]
[PlyCount "20"]
[EventDate "2004.??.??"]

1. e4 c5 2. Nf3 Nc6 3. d4 cxd4 4. Nxd4 g6 5. Nc3 Bg7 6. Be3 a6 7. Bc4 Na5 8.
Bxf7+ Kxf7 9. Ne6 Qe8 10. Nc7 Qd8 1-0

[Event "SR 3. liga A2 2004/2005"]
[Site "?"]
[Date "2005.??.??"]
[Round "?"]
[White "Hrubsa, Vladimir"]
[Black "Mackovic, Miroslav"]
[Result "0-1"]
[WhiteElo "1990"]
[BlackElo "1930"]
[Annotator "Skalica - Modranka"]
[PlyCount "80"]
[EventDate "2004.??.??"]

1. e4 e6 2. d4 d5 3. Nd2 c5 4. Ngf3 cxd4 5. Nxd4 Nf6 6. e5 Nfd7 7. N2f3 Nc6 8.
Nxc6 bxc6 9. Bd3 Be7 10. O-O Nc5 11. Be2 f6 12. c3 O-O 13. Qc2 fxe5 14. Nxe5
Qc7 15. f4 Bd6 16. Be3 Ba6 17. Bxa6 Nxa6 18. Qa4 Nb8 19. b4 Bxe5 20. fxe5 Rxf1+
21. Rxf1 Nd7 22. Bd4 Rc8 23. Qa6 Re8 24. Re1 c5 25. bxc5 Nxc5 26. Qd6 Qxd6 27.
exd6 Ne4 28. Rxe4 dxe4 29. c4 e5 30. Bxa7 Kf7 31. c5 Ke6 32. Kf2 Ra8 33. Bb6
Rxa2+ 34. Ke3 Rxg2 35. Kxe4 Rxh2 36. Bc7 Rh4+ 37. Ke3 Kd7 38. Bb8 Ra4 39. Bc7
g5 40. Bb8 g4 0-1

[Event "SR 3. liga A2 2004/2005"]
[Site "?"]
[Date "2005.??.??"]
[Round "?"]
[White "Zarecky, Eduard"]
[Black "Londin, Martin"]
[Result "0-1"]
[WhiteElo "1920"]
[BlackElo "1925"]
[Annotator "Skalica - Modranka"]
[PlyCount "136"]
[EventDate "2004.??.??"]

1. d4 d5 2. c4 e6 3. Nc3 Nf6 4. Nf3 c6 5. c5 b6 6. cxb6 axb6 7. e3 Nbd7 8. Bd3
Ba6 9. O-O Bd6 10. Bxa6 Rxa6 11. Qd3 Qa8 12. Bd2 O-O 13. Rfc1 Rc8 14. a3 h6 15.
e4 dxe4 16. Nxe4 Be7 17. Ne5 Nxe5 18. dxe5 Rd8 19. Nd6 Bxd6 20. exd6 c5 21. Rd1
Ra4 22. b4 cxb4 23. Bxb4 Nd5 24. Rab1 Nf4 25. Qf1 Qe4 26. Rb2 Nd5 27. Qb5 Rxb4
28. axb4 Nc3 29. Qd3 Qe5 30. Qd4 Ne2+ 31. Rxe2 Qxe2 32. h3 Qc2 33. d7 Qc6 34.
Rd3 f6 35. Rc3 Qxd7 36. Qxb6 Qd1+ 37. Kh2 Kf7 38. Rc6 Qd5 39. b5 Qe5+ 40. g3
Rd1 41. Qb7+ Kg6 42. Rc4 f5 43. b6 Qe2 44. Rf4 Qf1 45. Qg2 Qxg2+ 46. Kxg2 Rb1
47. g4 Rxb6 48. gxf5+ exf5 49. Kg3 Rb3+ 50. Kg2 Kg5 51. Rc4 f4 52. Rc7 g6 53.
Rf7 Rb5 54. Rf8 Rf5 55. Rg8 Rf6 56. Rb8 Kh4 57. Rb4 g5 58. Ra4 Rc6 59. Ra3 h5
60. Rb3 Rc2 61. Rf3 Rd2 62. Kg1 Rd4 63. Ra3 g4 64. hxg4 hxg4 65. Ra1 g3 66.
fxg3+ Kxg3 67. Kf1 f3 68. Re1 Rh4 0-1

[Event "SR 3. liga A2 2004/2005"]
[Site "?"]
[Date "2005.??.??"]
[Round "?"]
[White "Vepy, Ivan"]
[Black "Gajarsky, Julius"]
[Result "1-0"]
[WhiteElo "1890"]
[BlackElo "1840"]
[Annotator "Skalica - Modranka"]
[PlyCount "67"]
[EventDate "2004.??.??"]

1. e4 c5 2. Nf3 Nc6 3. d4 cxd4 4. Nxd4 Nf6 5. Nc3 e5 6. Nxc6 bxc6 7. Bd3 d5 8.
exd5 cxd5 9. O-O Bb4 10. Bg5 Bxc3 11. Bxf6 gxf6 12. bxc3 e4 13. Bb5+ Kf8 14.
Bc6 Ba6 15. Re1 Bc4 16. Bxa8 Qxa8 17. Qd4 Kg7 18. Re3 Kg6 19. Rg3+ Kf5 20. f3
Qc6 21. Qxa7 e3 22. Qxe3 Re8 23. Qd4 Re2 24. Rd1 h5 25. Rg8 Ke6 26. Rb8 Kf5 27.
Rb6 Qxb6 28. Qxb6 Rxc2 29. Qd4 Rxa2 30. g4+ hxg4 31. Qxg4+ Ke5 32. f4+ Kd6 33.
f5 Re2 34. Qxc4 1-0

[Event "SR 3. liga A2 2004/2005"]
[Site "?"]
[Date "2005.??.??"]
[Round "?"]
[White "Pagac, Robert"]
[Black "Kozinka, Jan"]
[Result "1-0"]
[WhiteElo "1800"]
[BlackElo "1720"]
[Annotator "Skalica - Modranka"]
[PlyCount "93"]
[EventDate "2004.??.??"]

1. e4 c5 2. Nf3 Nc6 3. d4 cxd4 4. Nxd4 e6 5. Nc3 Bc5 6. Nb3 Bb4 7. Bd2 Nf6 8.
Bd3 O-O 9. f4 d6 10. a3 Bc5 11. Qf3 Nd4 12. Nxd4 Bxd4 13. g4 g6 14. f5 Nd7 15.
O-O-O Ne5 16. Qh3 Bd7 17. Rhf1 Nxd3+ 18. Qxd3 Be5 19. Rh1 exf5 20. gxf5 Bc6 21.
Nd5 Qh4 22. Rdf1 Rac8 23. Rf3 Bxd5 24. Qxd5 Rc5 25. Qd3 Rfc8 26. c3 Qd8 27.
Rhf1 g5 28. Rg1 f6 29. h4 h6 30. hxg5 fxg5 31. Rh3 Bg7 32. Qf3 Qf6 33. Kd1 Kf7
34. Qh5+ Ke7 35. Rxg5 hxg5 36. Bxg5 Rh8 37. Bxf6+ Bxf6 38. Qg4 Rcc8 39. Rxh8
Rxh8 40. Qe2 Rc8 41. Qb5 Rc7 42. Qb3 Be5 43. Kd2 Bf4+ 44. Kd3 Be5 45. Qe6+ Kf8
46. Qh6+ Bg7 47. Qe3 1-0

[Event "SR 3. liga A2 2004/2005"]
[Site "?"]
[Date "2005.??.??"]
[Round "?"]
[White "Stepanovic, Branislav"]
[Black "Stetina, Erik"]
[Result "0-1"]
[WhiteElo "2055"]
[BlackElo "1835"]
[Annotator "Piestany B - Trnava C"]
[PlyCount "100"]
[EventDate "2004.??.??"]

1. e4 e5 2. Nf3 Nf6 3. Nxe5 d6 4. Nf3 Nxe4 5. d4 d5 6. Bd3 Bd6 7. O-O O-O 8. c4
c6 9. cxd5 cxd5 10. Nc3 Nxc3 11. bxc3 Nc6 12. Rb1 b6 13. Bg5 Qc7 14. Bd2 Bb7
15. Re1 g6 16. Bh6 Rfe8 17. Qd2 Na5 18. Bb5 Bc6 19. Qd3 Rac8 20. g3 Qd7 21. Ba6
Bb7 22. Qb5 Qxb5 23. Bxb5 Bc6 24. Ba6 Bb7 25. Rxe8+ Rxe8 26. Bxb7 Nxb7 27. Rb5
f6 28. Rxd5 Kf7 29. Rb5 g5 30. h4 Rc8 31. hxg5 Rxc3 32. Rf5 Ra3 33. Rxf6+ Ke8
34. Re6+ Kf7 35. Re2 Rxf3 36. Rd2 Nd8 37. Kg2 Rc3 38. f4 Nc6 39. g4 Nb4 40. Rd1
Nxa2 41. d5 Nb4 42. Kf2 a5 43. f5 Rd3 44. Rc1 Bc5+ 45. Kg2 Nxd5 46. Ra1 Nf4+
47. Kf1 Rf3+ 48. Ke1 Bb4+ 49. Kd1 Rf1+ 50. Kc2 Rxa1 0-1

[Event "SR 3. liga A2 2004/2005"]
[Site "?"]
[Date "2005.??.??"]
[Round "?"]
[White "Halas, Miroslav"]
[Black "Gono, Pavol"]
[Result "1-0"]
[WhiteElo "1830"]
[BlackElo "1940"]
[Annotator "Piestany B - Trnava C"]
[PlyCount "117"]
[EventDate "2004.??.??"]

1. e4 c6 2. d4 d5 3. e5 Bf5 4. g4 Bd7 5. Be3 e6 6. c3 Qb6 7. Qc2 c5 8. Ne2 Nc6
9. f4 cxd4 10. Nxd4 Nxd4 11. Bxd4 Bc5 12. Qf2 Rc8 13. Bxc5 Qxc5 14. Qxc5 Rxc5
15. Nd2 Ne7 16. Nb3 Rc7 17. Bd3 Nc6 18. Kd2 f6 19. exf6 gxf6 20. Nc5 b6 21.
Nxd7 Kxd7 22. g5 fxg5 23. fxg5 Ne5 24. Raf1 Rg8 25. h4 Kd6 26. Rf6 Nxd3 27.
Kxd3 Rgg7 28. Re1 Rce7 29. Kd4 Rgf7 30. Rexe6+ Rxe6 31. Rxf7 Re4+ 32. Kd3 Rxh4
33. Rxa7 Rh3+ 34. Kc2 Kc6 35. Kb3 d4 36. Ra4 d3 37. Rd4 Rg3 38. a4 Rxg5 39.
Rxd3 h5 40. Rd8 h4 41. Rh8 Rg4 42. Rh5 Rf4 43. c4 Rf3+ 44. Kb4 h3 45. b3 Rg3
46. a5 bxa5+ 47. Rxa5 h2 48. Ra6+ Kc7 49. Rh6 Rg2 50. Kb5 Rb2 51. b4 Rg2 52. c5
Rc2 53. Rh7+ Kc8 54. Kb6 Rb2 55. b5 Kd8 56. c6 Rc2 57. Kb7 Rc5 58. b6 Rc2 59.
c7+ 1-0

[Event "SR 3. liga A2 2004/2005"]
[Site "?"]
[Date "2005.??.??"]
[Round "?"]
[White "Furjel, Andrej"]
[Black "Uvacek, Radovan"]
[Result "1-0"]
[WhiteElo "1905"]
[BlackElo "1735"]
[Annotator "Piestany B - Trnava C"]
[PlyCount "49"]
[EventDate "2004.??.??"]

1. Nf3 Nc6 2. d4 d5 3. e3 e6 4. c4 Nge7 5. Nc3 b6 6. b3 Bb7 7. Bb2 dxc4 8. Bxc4
Nb4 9. e4 Ng6 10. a3 Na6 11. O-O Be7 12. d5 exd5 13. exd5 O-O 14. Ne4 Nc5 15.
Qd4 Ne6 16. dxe6 Qxd4 17. exf7+ Kh8 18. Nxd4 Bxe4 19. Rfe1 Bb7 20. Nf5 Bf6 21.
Bxf6 gxf6 22. Rad1 Ne5 23. Be6 Nxf7 24. f4 Rad8 25. Bxf7 1-0

[Event "SR 3. liga A2 2004/2005"]
[Site "?"]
[Date "2005.??.??"]
[Round "?"]
[White "Jancik, Ondrej"]
[Black "Moravcik, Marian"]
[Result "1/2-1/2"]
[WhiteElo "1720"]
[BlackElo "1995"]
[Annotator "Piestany B - Trnava C"]
[PlyCount "77"]
[EventDate "2004.??.??"]

1. e4 c5 2. Nf3 d6 3. d4 cxd4 4. Nxd4 Nf6 5. Nc3 a6 6. Be2 e6 7. Be3 Qc7 8. f3
b5 9. Qd2 Bb7 10. O-O Be7 11. Kh1 O-O 12. Bg1 Nbd7 13. Rfd1 Rfd8 14. a4 bxa4
15. Nxa4 d5 16. exd5 Nxd5 17. c4 Nb4 18. Qc3 Rac8 19. Nc2 a5 20. Nxb4 Bxb4 21.
Qe3 Bc6 22. Qg5 Rb8 23. Nc3 Nf6 24. Bd4 Qe7 25. Ne4 Bxe4 26. fxe4 h6 27. Qe3
Rb7 28. e5 Nh7 29. Bf3 Rc7 30. Rac1 Ng5 31. Be2 Rcd7 32. h4 Nh7 33. Qe4 Nf8 34.
Qg4 Bc5 35. Bc3 Bb4 36. Rxd7 Rxd7 37. Bd4 Bc5 38. Bc3 Bb4 39. Bd4 1/2-1/2

[Event "SR 3. liga A2 2004/2005"]
[Site "?"]
[Date "2005.??.??"]
[Round "?"]
[White "Klanica, Anton"]
[Black "Bincik, Pavol"]
[Result "1/2-1/2"]
[WhiteElo "1910"]
[BlackElo "1795"]
[Annotator "Piestany B - Trnava C"]
[PlyCount "58"]
[EventDate "2004.??.??"]

1. e4 c6 2. d4 d5 3. exd5 cxd5 4. Nf3 Nc6 5. c3 Qb6 6. h3 Bf5 7. Bd3 Bg6 8.
Bxg6 hxg6 9. Qc2 Rc8 10. Be3 Qa6 11. Qe2 Qxe2+ 12. Kxe2 e6 13. Nbd2 Nf6 14. Bg5
Be7 15. Bxf6 Bxf6 16. Nb3 b6 17. Kd3 Kd7 18. Rhe1 Kd6 19. Re2 a5 20. a4 Rb8 21.
Rae1 b5 22. axb5 Rxb5 23. Kc2 Rhb8 24. Nbd2 Rxb2+ 25. Kc1 Kc7 26. Nf1 Rb1+ 27.
Kd2 R1b2+ 28. Kc1 Rb1+ 29. Kd2 R1b2+ 1/2-1/2